01468cam a2200277 450000500170000000800410001702000180005804000350007604100080011104400070011908200170012624501380014326001170028130000700039850400420046865000690051065000610057965000800064065000780072065000530079865000790085165000710093065000900100170000390109170000600113020160627093818.0091020s2008 ck abd r 000 0 spa d a9789589871713 aCO-BoPUJcCO-BoIAVHdCO-BoIAVH0 aspa ack04a333.72bH67a00aHistoria ambiental de Bogotá y la Sabana, 1850-2005 / cMargarita Flora Ruiz Soto [y otros 8] ; editor Germán Palacio Castañeda aLeticia, Colombia : bUniversidad Nacional de Colombia :bInstituto Amazónico de Investigaciones IMANI,c2008. a345 páginas : bilustraciones, gráficas y mapas,c24 x 20 cm. aIncluye referencias bibliográficas.16aProtección ambientalxHistoriazBogotá (Colombia)y1850-200526aMedio ambientexHistoriazBogotá (Colombia)y1850-200524aConservación del medio ambientexHistoriazBogotá (Colombia)y1850-200526aConservación de los recursos xHistoriazBogotá (Colombia)y1850-200526aDesarrollo ruralzBogotá (Colombia)y1850-200526aProtección ambientalxHistoriazSabana de Bogotá (Colombia)y1850-200526aMedio ambientexHistoriazSabana de Bogotá (Colombia)y1850-200524aConservación del medio ambientexHistoriazSabana de Bogotá (Colombia)y1850-20051 aRuiz Soto, Margarita Floraeautora1 aPalacio-Castañeda, Germán Alfonso d1948 - eeditor